Systémová analýza v řízení výroby
Guardado en:
| Autor principal: | |
|---|---|
| Formato: | Libro |
| Lenguaje: | checo |
| Publicado: |
Praha
Státní nakladatelství technické literatury
1980
|
| Etiquetas: |
Sin Etiquetas, Sea el primero en etiquetar este registro!
|
MARC
| LEADER | 00000nam a2200000 4500 | ||
|---|---|---|---|
| 001 | c139491 | ||
| 005 | 20231103121731.3 | ||
| 041 | 0 | |a cze | |
| 044 | |a CZ | ||
| 245 | 1 | 0 | |a Systémová analýza v řízení výroby |c Jurij Il'jič Černjak |
| 264 | 1 | |a Praha |b Státní nakladatelství technické literatury |c 1980 | |
| 300 | |a 171 s. | ||
| 100 | 1 | |a Černjak, Jurij Il'jič | |